Integrace zákazníka do tvorby produktu

Jednou z ciest interaktívneho spojenia so zákazníkom je jeho zapojenie do procesu tvorby produktu. Tento prístup je potrebné voliť nielen s cieľom vyhovieť potrebám zákazníka - a tým získať konkurenčnú výhodu pre vlastné produkty, ale samozrejme aj s perspektívou trvalého pripútania zákazníka, okrem...

ver descrição completa

Na minha lista:
Detalhes bibliográficos
Autor principal: Tomek, Gustav
Formato: Capítulo de Livro
Idioma:tcheco
Assuntos:
Tags: Adicionar Tag
Sem tags, seja o primeiro a adicionar uma tag!

MARC

LEADER 00000naa a2200000 4500
001 0222256
005 20231115071136.6
041 0 |a cze 
044 |a CZ 
245 1 0 |a Integrace zákazníka do tvorby produktu  |c Gustav Tomek 
520 |a Jednou z ciest interaktívneho spojenia so zákazníkom je jeho zapojenie do procesu tvorby produktu. Tento prístup je potrebné voliť nielen s cieľom vyhovieť potrebám zákazníka - a tým získať konkurenčnú výhodu pre vlastné produkty, ale samozrejme aj s perspektívou trvalého pripútania zákazníka, okrem iného aj pre získanie jeho hodnoty pre firmu. Schéma conjoint analýzy. Komplexný prístup k udržaniu zákazníka. 
610 2 0 |a podnik 
610 2 0 |a produkty 
610 2 0 |a zákazníci 
610 2 0 |a lojálnosť zákazníkov 
100 1 |a Tomek, Gustav